Guess the Justin Timberlake Music Video by Picture - Statistics

General Stats
  • This quiz has been taken 60 times
  • The average score is 9 of 20
Answer Stats
Picture Answer % Correct
Can't Stop the Feeling!
90%
Cry Me a River
84%
Mirrors
82%
Suit & Tie
65%
Rock Your Body
63%
What Goes Around... Comes Around
63%
4 Minutes
55%
SexyBack
55%
Say Something
49%
Señorita
49%
My Love
43%
Dead and Gone
37%
The Other Side
35%
TKO
35%
LoveStoned / I Think She Knows
33%
Filthy
29%
3-Way / (The Golden Rule)
16%
Not a Bad Thing
16%
Supplies
10%
Work It
10%
No matching quizzes found
Score Distribution
Percent of People with Each Score
Percentile by Number Answered
Your Score History
You have not taken this quiz